<?xml version="1.0" encoding="UTF-8"?>
<record
    xmlns:xsi="http://www.w3.org/2001/XMLSchema-instance"
    xsi:schemaLocation="http://www.loc.gov/MARC21/slim http://www.loc.gov/standards/marcxml/schema/MARC21slim.xsd"
    xmlns="http://www.loc.gov/MARC21/slim">

  <leader>00493nam a22001457a 4500</leader>
  <controlfield tag="003">OSt</controlfield>
  <controlfield tag="005">20240409161944.0</controlfield>
  <controlfield tag="008">240409b        |||||||| |||| 00| 0 eng d</controlfield>
  <datafield tag="040" ind1=" " ind2=" ">
    <subfield code="c">Central Library MRSPTU</subfield>
  </datafield>
  <datafield tag="100" ind1=" " ind2=" ">
    <subfield code="a">Sukhdev Sidhu (&#xA38;&#xA41;&#xA16;&#xA26;&#xA47;&#xA35; &#xA38;&#xA3F;&#xA71;&#xA27;&#xA42;)</subfield>
  </datafield>
  <datafield tag="245" ind1=" " ind2=" ">
    <subfield code="a">Saheed Udam Singh (&#xA38;&#xA3C;&#xA39;&#xA40;&#xA26; &#xA0A;&#xA27;&#xA2E; &#xA38;&#xA3F;&#xA70;&#xA18;</subfield>
    <subfield code="b">Fassi De Udeek Ch (&#xA2B;&#xA3E;&#xA02;&#xA38;&#xA40; &#xA26;&#xA40; &#xA09;&#xA21;&#xA40;&#xA15; &#xA1A;')</subfield>
  </datafield>
  <datafield tag="260" ind1=" " ind2=" ">
    <subfield code="a">Barnala</subfield>
    <subfield code="b">Tarkbharti Parkashan</subfield>
    <subfield code="c">2003</subfield>
  </datafield>
  <datafield tag="300" ind1=" " ind2=" ">
    <subfield code="a">32</subfield>
  </datafield>
  <datafield tag="942" ind1=" " ind2=" ">
    <subfield code="2">ddc</subfield>
    <subfield code="c">BK</subfield>
    <subfield code="n">0</subfield>
  </datafield>
  <datafield tag="952" ind1=" " ind2=" ">
    <subfield code="0">0</subfield>
    <subfield code="1">0</subfield>
    <subfield code="2">ddc</subfield>
    <subfield code="4">0</subfield>
    <subfield code="7">0</subfield>
    <subfield code="8">BK</subfield>
    <subfield code="a">MCL</subfield>
    <subfield code="b">MCL</subfield>
    <subfield code="d">2024-04-09</subfield>
    <subfield code="l">2</subfield>
    <subfield code="p">G-174</subfield>
    <subfield code="r">2026-02-06 11:10:52</subfield>
    <subfield code="s">2026-02-04</subfield>
    <subfield code="w">2024-04-09</subfield>
    <subfield code="y">BK</subfield>
  </datafield>
  <datafield tag="999" ind1=" " ind2=" ">
    <subfield code="c">10007</subfield>
    <subfield code="d">10007</subfield>
  </datafield>
</record>
